Obálka Náhled e-knihy:
PDF Epub
Pro půjčování e-knih musíte být přihlášeni.
Jak si půjčit online?

Ulička přízraků /

Slavný americký mysteriózní román z 50. let 20. století vypráví příběh začínajícího kouzelníka v kočovném cirkuse, který nabízí zpočátku běžné pouťové triky. Za chvíli chce ale víc slávy, peněz i úspěchu. A to je zároveň jeho konec.

Uloženo v:
Hlavní autor: Gresham, William Lindsay, 1909-1962 (Autor)
Další autoři: Světlík, Martin, 1990- (Autor, Překladatel)
Médium: E-kniha
Jazyk:Czech
Vydáno: V Praze : Vyšehrad, 2022
Vydání:Vydání první
Edice:Světová próza (Vyšehrad)
Témata:
Tagy:
Žádné tagy
LEADER 02590nam a2200433 i 4500
001 311488
003 CZ PrSKC
005 20260601215706.0
007 ta
008 220117s2022 xr a g 000 f cze
015 |a cnb003391966 
020 |a 9788076015777  |q (vázáno) :  |c Kč 429,00 
035 |a (OCoLC)1302727101 
040 |a ABG001  |b cze  |e rda 
041 1 |a cze  |h eng 
072 7 |a 821.111(73)-3  |x Americká próza  |2 Konspekt 
080 |a 821.111(73)-31  |2 MRF 
080 |a (0:82-31)  |2 MRF 
100 1 |a Gresham, William Lindsay,  |d 1909-1962  |7 xx0067358  |4 aut 
240 1 0 |a Nightmare alley.  |l Česky 
245 1 0 |a Ulička přízraků /  |c William Lindsay Gresham ; z anglického originálu Nightmare alley ... přeložil a doslovem opatřil Martin Světlík 
250 |a Vydání první 
264 1 |a V Praze :  |b Vyšehrad,  |c 2022 
300 |a 355 stran :  |b ilustrace ;  |c 21 cm 
336 |a text  |b txt  |2 rdacontent 
337 |a bez média  |b n  |2 rdamedia 
338 |a svazek  |b nc  |2 rdacarrier 
490 1 |a Světová próza 
520 2 |a Slavný americký mysteriózní román z 50. let 20. století vypráví příběh začínajícího kouzelníka v kočovném cirkuse, který nabízí zpočátku běžné pouťové triky. Za chvíli chce ale víc slávy, peněz i úspěchu. A to je zároveň jeho konec.  |b Stanton Carlisle je kouzelník v potulném panoptiku, které lačnému publiku nabízí různé bizarnosti: nejsilnějšího muže na světě, elektrickou dívku i takzvaného divocha, nejnižší formu lidské existence. Stan ale jako mistr manipulace míří opačným směrem. Postupně se vypracovává a zdá se, že svět mu leží u nohou až do chvíle, kdy jeho jistoty během jedné seance shoří na popel. V Uličce přízraků se totiž i ten nejzářivější sen může proměnit v noční můru. Nakladatelská anotace. Kráceno. 
655 7 |a americké romány  |7 fd131796  |2 czenas 
655 9 |a American fiction  |2 eczenas 
700 1 |a Světlík, Martin,  |d 1990-  |7 kv2016910605  |4 trl  |4 waw 
830 0 |a Světová próza (Vyšehrad) 
900 |a ABA001  |b 20 
928 9 |a Albatros Media - Vyšehrad 
044 |a xr 
910 |a RBIT002 
998 |d 343874  |a https://core.palmknihy.cz/api/books/343874/cover?si9677  |b https://core.palmknihy.cz/api/books/343874/cover/400?si9677  |c https://core.palmknihy.cz/api/books/343874/cover/50?si9677  |e 2026-11-15  |g 360  |i 9788076015777  |j https://core.palmknihy.cz/api/books/343874/preview.epub  |k https://core.palmknihy.cz/api/books/343874/preview.pdf  |l   |q 49  |r 1  |s https://www.palmknihy.cz/kniha/343874  |t ebook  |y 2022  |z 0 
999 |d 311486